| 000 | 00701nam a2200205 i 4500 | ||
|---|---|---|---|
| 001 | 78532 | ||
| 003 | ES-MaACL | ||
| 005 | 20230906173734.0 | ||
| 007 | t| | ||
| 008 | 041014s1968 sp |||| | spa d | ||
| 100 | 1 |
_aHarrigan, W. F. _961895 |
|
| 245 | 1 | 0 |
_aMétodos de laboratorio en Microbiología / _cW.F. Harrigan and Margaret E. McCance ; traducido por Isabel García Acha y por Julio Rodríguez Villanueva. |
| 260 |
_aLeón : _bAcademia, _c[1968] |
||
| 300 |
_aXII, 426 p. ; _c23 cm. |
||
| 650 | 0 | 4 |
_aMicrobiología. _915023 |
| 700 | 1 |
_aMacCance, Margaret E. _975076 |
|
| 700 | 1 |
_aGarcía Acha, Isabel. _954115 |
|
| 700 | 1 |
_aRodríguez Villanueva, Julio. _998862 |
|
| 852 |
_aES-MaACL _jC-34566 |
||
| 999 |
_c78532 _d78532 |
||